Statistiques concernant Pokémon du Conseil 4 - G4

Cliquez ici pour prendre le quiz!

Statistiques générales

  • Ce quiz a été pris 96 fois
  • Le résultat moyen est 25 sur 36

Statistiques - réponses

DresseurDiamant/PerlePlatine% Correct
Carchacrok
99%
Simiabraz
91%
Spiritomb
91%
Apireine
88%
AaronDrascore
86%
Lucario
86%
Maganon
86%
Roserade
86%
CynthiaMilobellus
84%
Togekiss
84%
Galopa
83%
TerryHippodocus
83%
Archéodong
78%
Alakazam
75%
Rhinastoc
74%
Charmillon.
72%
Papinox
72%
Scarhino
70%
Barbicha
68%
Grolem
68%
M Mime
68%
Tritosor
67%
Steelix
66%
Yanmega
66%
Cizayox
64%
Gallame
63%
Mentali
61%
Lockpin
57%
Scorvol
57%
Demolosse
54%
AdrienGrodrive
54%
Pyroli
54%
Maraiste
47%
Girafarig
41%
LucioCharmina
37%
Simularbre
32%

Distribution des résultats

Percentile par nombre de réponses

% des personnes avec chaque résultat

Votre développement - résultats

Vous n’avez pas pris ce quiz